LIBRARY & INFORMATION CENTRE, KCAET, TAVANUR

ONLINE PUBLIC ACCESS CATALOGUE (OPAC)

Danube Sakshi (Record no. 15373)

MARC details
000 -LEADER
fixed length control field 00337nam a22001457a 4500
020 ## - INTERNATIONAL STANDARD BOOK NUMBER
ISBN 9788182661509
082 ## - DEWEY DECIMAL CLASSIFICATION NUMBER
Classification number 910
Item number VEE/DA
100 ## - MAIN ENTRY--AUTHOR NAME
Personal name Veerendrakumar, M. P
245 ## - TITLE STATEMENT
Title Danube Sakshi
250 ## - EDITION STATEMENT
Edition statement 6
260 ## - PUBLICATION, DISTRIBUTION, ETC. (IMPRINT)
Place of publication Kozhikode
Name of publisher Mathrubhumi Books
Year of publication 2014
300 ## - PHYSICAL DESCRIPTION
Number of Pages 462
650 ## - SUBJECT ADDED ENTRY--TOPICAL TERM
Topical Term Malayalam Travelogue
942 ## - ADDED ENTRY ELEMENTS (KOHA)
Koha item type Books
Holdings
Withdrawn status Lost status Damaged status Home library Current library Date acquired Cost, normal purchase price Full call number Accession Number Koha item type
      KAUAET KAUAET 13/04/2018 400.00 910 VEE/DA 25664 Books
free website counter